I See Fire - Ed Sheeran (all lyrics) - Statistics

General Stats
  • This quiz has been taken 52 times
  • The average score is 275 of 333
Answer Stats
Lyrics % Correct
a
100%
And
100%
and
100%
fire
100%
fire,
100%
I
100%
the
100%
If
97%
if
97%
in
97%
my
97%
see
97%
to
97%
be
93%
mountain
93%
sky
93%
we
93%
will
93%
burn
90%
inside
90%
Keep
90%
night
90%
of
90%
Oh,
90%
oh
90%
(oh,
90%
over
90%
all
87%
below
87%
brothers'
87%
brothers
87%
die
87%
eye
87%
is
87%
together
87%
watch
87%
Watch
87%
with
87%
filled
83%
flame
83%
misty
83%
should
83%
smoke
83%
you
83%
burnin'
80%
careful
80%
flames
80%
me
80%
out,
80%
out
80%
out)
80%
souls
80%
this
80%
watching
80%
by
77%
into
77%
that
77%
then
77%
end
73%
for
73%
For
73%
high
73%
hope
73%
mountains
73%
on
73%
remember
73%
trees
73%
as
70%
do
70%
Father
70%
it
70%
last
70%
Callin'
67%
time
67%
tonight,
67%
sons
63%
stand
63%
upon
63%
you'll
63%
breeze
60%
burning,
60%
climb
60%
cover
60%
Durin's
60%
eyes
60%
fall
60%
glass
60%
wine
60%
got
57%
hollowin'
57%
people
57%
Raise
57%
too
57%
down,
53%
fallin'
53%
hear
53%
I'll
53%
know,
53%
mountainside
53%
town
53%
blood
50%
close
50%
screamin'
50%
city
47%
dark
47%
hold
47%
lonely
47%
returns
47%
same
47%
comes
43%
saw
43%
shadow
43%
crashed
40%
(feel
40%
surely,
40%
fast
37%
ground,
37%
heat
37%
prepare
37%
skin)
37%
Desolation
33%
Now
33%
sky's
33%
Confined
30%
halls,
27%
No matching quizzes found
Score Distribution
Percent of People with Each Score
Percentile by Number Answered
Your Score History
You have not taken this quiz